01693nam a2200457 i 450000100060000000300080000600500170001400600190003100700150005000800410006502000180010602000270012403500230015103500240017403500220019804000310022005000240025108000060027508200120028110000190029324500990031226400300041130000410044133600310048233700330051333800430054649000280058950000230061750400290064058801280066959001640079760000550096165000170101665100200103365500270105370000280108079700190110883000290112785600620115699900170121858390FlNmELB20241216233015.0m o d | cr cnu||||||||181210s2013 sp ob 001 0 spa d z9788431329198 a9781512957846 (e-book) a(MiAaPQ)EBC5513963 a(Au-PeEL)EBL5513963 a(OCoLC)1105853433 aFINmELBbspaerdacFINmELB 4aB945.P44bB271 2013 a10 a1912231 aBarrena, Sara.10aCharles S. Peirce (1839-1914) :bun pensador para el siglo XXI /cSara Barrena, Jaime Nubiola. 1aPamplona :bEUNSA,c2013. a1 recurso en línea (367 páginas) atextobtxt2rdacontent/spa acomputadorabc2rdamedia/spa arecurso en líneabcr2rdacarrier/spa1 aAstrolabio. Filosofía aContiene índice. aContiene bibliografía. aDescripción basada en recurso en línea; Título de la página del título en PDF (e-libro, visto December 10, 2018). aRecurso electrónico. Santa Fe, Arg.: e-libro, 2018. Disponible vía World Wide Web. El acceso puede estar limitado para las bibliotecas afiliadas a e-libro.10aPeirce, Charles S.q(Charles Sanders),d1839-1914. 4aFilosofía. 4aEstados Unidos. 4aLibros electrónicos.1 aNubiola, Jaime,eautor.2 ae-libro, Corp. 0aAstrolabio. Filosofía.40uhttps://elibro.net/ereader/politecnicointernacional/47145 c58390d58390